| 000 | 00000nam 2200000zi 4500 |
| 001 | 9.916033 |
| 003 | CaOODSP |
| 005 | 20221007153534 |
| 006 | m o d f |
| 007 | cr mn||||||||| |
| 008 | 221007e202210 onca ob f000 0 eng d |
| 040 | |aCaOODSP|beng|erda|cCaOODSP |
| 043 | |an-cn--- |
| 086 | 1 |aNH18-35/2-2022E-PDF |
| 245 | 00|aLabour capacity constraints and supply across large provinces in Canada. |
| 264 | 1|a[Ottawa] : |bCMHC = SCHL, |cOctober 2022. |
| 264 | 4|c©2022 |
| 300 | |a1 online resource (12, 4 pages) : |bcolour illustrations. |
| 336 | |atext|btxt|2rdacontent |
| 337 | |acomputer|bc|2rdamedia |
| 338 | |aonline resource|bcr|2rdacarrier |
| 490 | 1 |aHousing market insight. Canada |
| 500 | |aIssued also in French under title: Contraintes liées à la capacité de main-d'œuvre et offre de logements dans les grandes provinces du Canada. |
| 500 | |a"Housing market information." |
| 504 | |aIncludes bibliographical references. |
| 650 | 0|aHousing forecasting|zCanada. |
| 650 | 0|aHouse construction|zCanada. |
| 650 | 0|aConstruction workers|xSupply and demand|zCanada. |
| 710 | 2 |aCanada Mortgage and Housing Corporation, |eissuing body. |
| 775 | 08|tContraintes liées à la capacité de main-d'œuvre et offre de logements dans les grandes provinces du Canada.|w(CaOODSP)9.916034 |
| 830 | #0|aHousing market insight. |w(CaOODSP)9.916021 |
| 856 | 40|qPDF|s784 KB|uhttps://publications.gc.ca/collections/collection_2022/schl-cmhc/nh18-35/NH18-35-2-2022-eng.pdf |